Quizzes
Events
Quiz Creation
Community
Videos
Private Events
Remove Ads
Sign In
Join for FREE
Feedback
Dark Mode
Quiz Categories
Sports
Geography
Music
Movies
Television
Just For Fun
Miscellaneous
History
Literature
Language
Science
Gaming
Entertainment
Religion
Holiday
For Kids
Quiz Lab
Recent
Popular Today
Quiz Kudos Today
Editor Picks
Curator Picks
Quizzes by...
Day
Popularity
Type
Ratings
Length
Year
Community
Subscriptions
Recent Discussions
Orange Saloon
Badges
Playlists
Quests
Create
Leaderboards
Showdown
Live 5
Trivia Bingo
Activity
Puzzle Library
Sporcle Events
Private Events
Virtual Trivia
Globe League
Become a Host
Pub Owners
SporcleCon
Opinionation
Our Games
Videos
Blog
Mobile Apps
Partnerships
Remove Ads and Go Orange
Feedback
Literature
Harry Potter
A Song of Ice and Fire
The Hunger Games
Literary Character
Shakespeare
Book
Author
Novel
Poem
Young Adult
Children's Books
Play
Lord of the Rings
Literature
Harry Potter
A Song of Ice and Fire
The Hunger Games
Literary Character
Shakespeare
Book
Author
Novel
Poem
Young Adult
Children's Books
Play
Lord of the Rings
Random Quiz
Search Sporcle
×
Quiz Lab
Quiz Lab
Literature
subject
Type in answers that appear in a list
Type in answers that appear in a list
Classic
Best Score? Go Orange.
Hogwarts professors Stats
Can you name the hogwarts professors
By
harrypotter73
5m
24 Questions
44 Plays
44 Plays
44 Plays
Comments
Comments
Give Quiz Kudos
Give Quiz Kudos
-
- Ratings
hide this ad
More Info
Forced Order
Answers have to be entered in order
Answers have to be entered in order
Replay
Link that replays current quiz
Next Quiz
Link to next quiz in quiz playlist
You Got
0%
They Got
Avg Score
86%
Avg Friend Score
Upgrade to see
Score Distribution
Jump to the score distribution portion of the page
Score
0/24
Timer
05:00
0
Plays Today
subject
professor
% Correct
potions
severus snape
100%
transfiguration
minerva mcgonagall
97.7%
herbology
pomona sprout
97.7%
divination
sybill trelawney
97.7%
charms
filius flitwick
97.7%
potions (sixth year+)
horace slughorn
93.2%
care of magical creatures (third year +)
rubeus hagrid
90.9%
defence against the dark arts (sixth year)
severus snape
90.9%
defence against the dark arts (fourth year)
alastor moody
90.9%
defence against the dark arts (first year)
quirinus quirrell
88.6%
defence against the dark arts (third year)
remus lupin
88.6%
defence against the dark arts (fifth year)
dolores umbridge
88.6%
subject
professor
% Correct
defence against the dark arts (second year)
gilderoy lockhart
88.6%
divination
firenze
88.6%
history of magic
cuthbert binns
86.4%
flying
rolanda hooch
86.4%
defence against the dark arts (seventh year)
amycus carrow
84.1%
astronomy
aurora sinistra
79.5%
arithmancy
septima vector
77.3%
muggle studies (seventh year)
alecto carrow
77.3%
muggle studies
charity burbage
77.3%
care of magical creatures (supply teacher)
Wilhelmina grubbly-plank
77.3%
care of magical creatures (first and second year)
silvanius kettleburn
65.9%
ancient runes
bathsheba babbling
56.8%
Quiz Playlist
Details
Report
Send in Message
Add To Playlist
More Info:
click an empty box to answer for that location
Classic:
Type in answers that appear in a list
Forced Order:
Answers have to be entered in order
Last Updated: Feb 16, 2017
Quiz Scoreboard
CHALLENGE
Sign Up to Join the Scoreboard
Show All
Scores
Hide
Comments
May contain spoilers
Recently Published
Popular People in 1961
by mucciniale
History
6m
1-10 Letter E Words III
by El_Dandy
Language
2m
One Thing in Common: World Cities II
by knightlancer
Geography
7m
More to Explore
Quiz From the Vault
Featured Blog Post
Where Did the Easter Bunny Come From?
hide this ad
You Might Also Like...
Tags
professor
subject
Today's Top Quizzes in Literature
Browse Literature
hide this ad
Today's Top Quizzes in subject
Browse subject
Top Contributed Quizzes in Literature
1
Sneaky Slytherin Logic Puzzle
2
Get The Picture: Black or White Literature
3
One Thing in Common: Literature
4
Weasley Family Reunion: Logic Puzzle
5
Lily Potter Start to Finish
6
ASOIAF Logic Puzzle [Difficult] [Read Note first!!]
7
James Potter Start to Finish
8
One piece logic quiz 3 (Hard difficulty)
9
Dobby's Dilemma: Logic Puzzle
10
Keeper of the Lost Cities Logic Puzzle
Explore More
Trending Topics
Disney
Crossword
NBA
Harry Potter
Anime
Kpop
Marvel
NFL
Song
WWE
Pokémon
Soccer
The Office
Country
Puzzle
hide this ad
More By:
harrypotter73
Quiz
Plays
Rating
Category
Featured
Created
harry potter numbers
108
4.00
Literature
Feb 2, 2014
harry potter chain
63
3.00
Literature
Jan 5, 2014
hogwarts professors
44
4.00
Literature
Jan 3, 2014
harry potter dragons
27
3.50
Literature
Jan 9, 2014
Go to Creator's Profile
Score Distribution
Quiz Creator Spotlight
harrypotter73
Follow
Send a Message
Quizzes Created
-
Created Quiz Play Count
-
More By This Creator
Popular Quizzes Today
1
Find the US States - No Outlines Minefield
2
The Countries of the World
3
Popular People in 1961
4
Find the Countries of Europe - No Outlines Minefield
5
1-10 Letter E Words III
6
Find the US States
7
One Thing in Common: World Cities II
8
US States
More Literature Quizzes
Which Harry Potter B Character
Editor's Pick
Trending Quizzes
1-10 Letter F Words
One Thing in Common: Music
1-10 Letter G Words
Risky Map Clicking: Next State Alphabetically
1-10 Letter F Words II
Recently Updated
Leaping Animals
pecheneg
Reality TV Shows (A-Z)
bhenderson79
Rickey Henderson's Hall of Fame Teammates
pecheneg
Champions League XIs: Arsenal
pecheneg
Quick Pick: Celebrities in WWE's Hall of Fame
aduchscher
A-Z Keypad Blitz II
pecheneg
Multiple Oscar Actors
pecheneg
Mystery Phrase Blitz: Oscar 'Best Actors'
pecheneg
F. Scott Fitzgerald Novels
LTH
Pick 3 Villains
ddd62291
Trending Topics
Harry Potter
Crossword
Anime
Kpop
Disney
NBA
Marvel
Puzzle
The Office
Country
Soccer
NFL
Song
Pokémon
WWE
Your Account Isn't Verified!
In order to create a playlist on Sporcle, you need to verify the email address you used during registration. Go to your
Sporcle Settings
to finish the process.
Report this User
Report this user for behavior that violates our
Community Guidelines
.
Details:
Send Report
Go to the Sporcle.com Mobile Site →
Comments